Estadística Panameña, situación económica: hacienda pública años 1998 y 1999/
Guardat en:
| Autor corporatiu: | |
|---|---|
| Format: | Llibre |
| Idioma: | Spanish |
| Publicat: |
Panamá:
Dirección de Estadística y Censos
|
| Etiquetes: |
Afegir etiqueta
Sense etiquetes, Sigues el primer a etiquetar aquest registre!
|
MARC
| LEADER | 00000nam a22000007a 4500 | ||
|---|---|---|---|
| 003 | cru CIDCACS/IIS | ||
| 005 | 20190314155848.0 | ||
| 007 | ta | ||
| 008 | 190314n pn |||p|r|||||||| ||spa|d | ||
| 999 | |c 42248 |d 42248 | ||
| 040 | |c cru CIDCACS/IIS | ||
| 110 | 1 | |9 8381 |a República de Panamá. |b Dirección de Estadística y Censos | |
| 245 | 1 | |a Estadística Panameña, situación económica: |b hacienda pública años 1998 y 1999/ |c Dirección de Estadística y Censos | |
| 260 | |a Panamá: |b Dirección de Estadística y Censos | ||
| 300 | |a páginas 163: |b tablas, gráficos | ||
| 942 | |2 ddc |c PP | ||
| 773 | 0 | |0 42246 |9 2739 |a República de Panamá. |d Panamá: Dirección de Estadística y Censos |o 18689 |t Estadística Panameña, situación económica: |x 10174273 | |
